| 000 | 00714cab a2200229 4500 | ||
|---|---|---|---|
| 001 | ABS59390 | ||
| 008 | 090401t1998 xxu||||| |||| 00| 0 eng d | ||
| 035 | _a(Sirsi) u89275 | ||
| 041 | _aeng | ||
| 100 | _aBingham, T. | ||
| 245 | _aContract cleaners | ||
| 260 | _c1998 | ||
| 350 | _a0 | ||
| 490 |
_aBuilding _v263(8059) 9 October 1998, 71(1) |
||
| 520 | _aSummary of what each of the new GC/Works contract documents will cover. | ||
| 650 | _aFORMS OF CONTRACT | ||
| 650 | _aBUILT ENVIRONMENT-BUILDING CONTRACT FORMS-STANDARD FORMS OF BUILDING CONTRACT-GC/WORKS CONTRACTS | ||
| 650 | _aGOVERNMENT CONTRACTS | ||
| 690 | _aBUILT ENVIRONMENT-BUILDING CONTRACT FORMS | ||
| 942 | _n0 | ||
| 948 | _c23/10/1998 | ||
| 999 |
_c56457 _d56457 |
||